Ne te fais pas mordre - Statistiques

Statistiques générales
  • Ce quiz a été pris 175 fois
  • Le résultat moyen est 7 sur 27
Answers on the Grid
Answers color-coded by a green-red scale on the quiz's grid according to % correct below.
 
Statistiques - réponses
Réponse % Correct
32%
32%
30%
29%
28%
27%
27%
26%
26%
25%
25%
25%
25%
25%
25%
24%
24%
23%
22%
21%
21%
21%
21%
18%
18%
15%
15%
Aucun quiz correspondant
Distribution des résultats
% des personnes avec chaque résultat
Percentile par nombre de réponses
Votre historique - résultats
Vous n’avez pas pris ce quiz